000 00208 a2200097 4500
001 23502
100 _aMortimore A D
245 _aBranch libraries
260 _a
_bAndre deutsch
_c1966
090 _c15892
_d15892
942 _aNUST-CAE
_cM
_c6549
999 _c258575
_d258575